Landscapes of Death: Early Bronze Age Tombs and Mortuary Rituals on the Oman Peninsula

محفوظ في:

المؤلف الرئيسي: Kimberly D. Williams

التنسيق: كتاب

اللغة: Undetermined

الوصول للمادة أونلاين: Login to view Source

الوسوم: إضافة وسم

لا توجد وسوم, كن أول من يضع وسما على هذه التسجيلة!

رقم الطلب:

LEADER 00499nmm a2200133Ia 4500
008 240716s9999||||xx |||||||||||||||||und||
020 |a 9781803275291 
020 |a 9781803275307 
100 |a Kimberly D. Williams 
245 1 0 |a Landscapes of Death: Early Bronze Age Tombs and Mortuary Rituals on the Oman Peninsula  |c Kimberly D. Williams 
264 |b Archaeopress Archaeology  |c 15-فبراير-24 
856 4 0 |u http://library.arce.org:8087/Archaeopress/Products/9781803275291 
942 |2 lcc  |c EBOOK 
999 |c 58953  |d 58953